Finanzas y contabilidad (Record no. 5422)
[ view plain ]
| 000 -CABECERA | |
|---|---|
| campo de control de longitud fija | 00761nam a2200241 a 4500 |
| 001 - NÚMERO DE CONTROL | |
| campo de control | BRCA_5732 |
| 005 - FECHA Y HORA DE LA ÚLTIMA TRANSACCIÓN | |
| campo de control | 20190320205209.0 |
| 008 - DATOS DE LONGITUD FIJA--INFORMACIÓN GENERAL | |
| campo de control de longitud fija | 040311s1915----mx-######s---#000-0#spa-# |
| 041 ## - CÓDIGO DE LENGUA | |
| Código de lengua del texto/banda sonora o título independiente | spa |
| 044 ## - CÓDIGO DEL PAÍS DE LA ENTIDAD EDITORA/PRODUCTORA | |
| Código MARC del país | mx |
| 050 #4 - SIGNATURA TOPOGRÁFICA DE LA BIBLIOTECA DEL CONGRESO | |
| Número de clasificación | HG5601 |
| Número de documento/Ítem | .F56 1915 |
| 245 10 - MENCIÓN DE TÍTULO | |
| Título | Finanzas y contabilidad |
| Resto del título | Revista mensual de divulgación financiera y contable. |
| 260 ## - PUBLICACIÓN, DISTRIBUCIÓN, ETC. | |
| Lugar de publicación, distribución, etc. | México |
| Nombre del editor, distribuidor, etc. | Finanzas |
| Fecha de publicación, distribución, etc. | 1915 |
| 300 ## - DESCRIPCIÓN FÍSICA | |
| Extensión | 125 p. |
| Dimensiones | 23 cm. |
| 500 ## - NOTA GENERAL | |
| Nota general | Vol. XII, Núm. 6 junio, 1915 |
| 500 ## - NOTA GENERAL | |
| Nota general | Incluye auditoría de fideicomisos y contabilidad colonial |
| 500 ## - NOTA GENERAL | |
| Nota general | Revista inventariada por Banco de México como libro |
| 500 ## - NOTA GENERAL | |
| Nota general | H50 |
| 650 14 - PUNTO DE ACCESO ADICIONAL DE MATERIA--TÉRMINO DE MATERIA | |
| Término de materia o nombre geográfico como elemento de entrada | Contabilidad |
| Subdivisión geográfica | México |
| 9 (RLIN) | 14545 |
| 650 14 - PUNTO DE ACCESO ADICIONAL DE MATERIA--TÉRMINO DE MATERIA | |
| Término de materia o nombre geográfico como elemento de entrada | Finanzas |
| Subdivisión de forma | Publicación periódica |
| Subdivisión geográfica | México |
| 9 (RLIN) | 14546 |
| 902 ## - CATALOGADOR | |
| Iniciales | GFM |
| 942 ## - ELEMENTOS DE PUNTO DE ACCESO ADICIONAL (KOHA) | |
| Fuente del sistema de clasificación o colocación | Library of Congress Classification |
| Tipo de ítem Koha | Libros |
| Estado de retiro | Estado de pérdida | Estado dañado | No para préstamo | Localización permanente | Ubicación/localización actual | Fecha de adquisición | Número de inventario | Total de préstamos | Signatura topográfica completa | Código de barras | Fecha visto por última vez | Precio válido a partir de | Tipo de ítem Koha |
|---|---|---|---|---|---|---|---|---|---|---|---|---|---|
| El ejemplar forma parte de la colección y puede ser consultado según las políticas vigentes. | Biblioteca del Museo Franz Mayer (Rogerio Casas-Alatriste) | Biblioteca del Museo Franz Mayer (Rogerio Casas-Alatriste) | 04/03/2011 | H50 | HG5601 .F56 1915 (H50) | 6168 | 22/03/2019 | 22/03/2019 | Libros |